<?xml version="1.0" encoding="UTF-8"?>
<collection xmlns:xsi="http://www.w3.org/2001/XMLSchema-instance" xsi:schemaLocation="http://www.loc.gov/MARC21/slim http://www.loc.gov/standards/marcxml/schema/MARC21slim.xsd" xmlns="http://www.loc.gov/MARC21/slim">
 <record>
  <leader>00000cam a22000003i 4500</leader>
  <controlfield tag="001">UP-1685594773862036173</controlfield>
  <controlfield tag="003">Buklod</controlfield>
  <controlfield tag="005">20160905124355.0</controlfield>
  <controlfield tag="006">g||| |     ||   ||</controlfield>
  <controlfield tag="007">ta</controlfield>
  <controlfield tag="008">160905t20021983enka    rb   |001 0beng d</controlfield>
  <datafield tag="020" ind1=" " ind2=" ">
   <subfield code="a">0192801597</subfield>
  </datafield>
  <datafield tag="035" ind1=" " ind2=" ">
   <subfield code="a">(iLib)UPBAG-00021792055</subfield>
  </datafield>
  <datafield tag="040" ind1=" " ind2=" ">
   <subfield code="a">DLC</subfield>
   <subfield code="d">BAG</subfield>
   <subfield code="e">rda</subfield>
  </datafield>
  <datafield tag="041" ind1="0" ind2=" ">
   <subfield code="a">eng</subfield>
  </datafield>
  <datafield tag="090" ind1=" " ind2="0">
   <subfield code="a">P 85 B33</subfield>
   <subfield code="b">C85 2002</subfield>
  </datafield>
  <datafield tag="100" ind1="1" ind2=" ">
   <subfield code="a">Culler, Jonathan D.</subfield>
   <subfield code="e">author.</subfield>
  </datafield>
  <datafield tag="245" ind1="1" ind2="0">
   <subfield code="a">Barthes</subfield>
   <subfield code="b">a very short introduction</subfield>
   <subfield code="c">Jonathan Culler.</subfield>
  </datafield>
  <datafield tag="264" ind1=" " ind2="1">
   <subfield code="a">Oxford</subfield>
   <subfield code="b">Oxford University Press</subfield>
   <subfield code="c">2002, ©1983.</subfield>
  </datafield>
  <datafield tag="300" ind1=" " ind2=" ">
   <subfield code="a">144 pages</subfield>
   <subfield code="b">illustrations</subfield>
   <subfield code="c">18 cm</subfield>
  </datafield>
  <datafield tag="490" ind1="1" ind2=" ">
   <subfield code="a">Very short introductions</subfield>
   <subfield code="v">56</subfield>
  </datafield>
  <datafield tag="504" ind1=" " ind2=" ">
   <subfield code="a">Includes bibliographical references (pages 136-140) and index.</subfield>
  </datafield>
  <datafield tag="505" ind1="0" ind2=" ">
   <subfield code="a">Man of parts -- Literary historian -- Mythologist -- Critic -- Polemicist -- Semiologist -- Structuralist -- Hedonist -- Writer -- Man of letters -- Barthes after Barthes.</subfield>
  </datafield>
  <datafield tag="520" ind1="1" ind2=" ">
   <subfield code="a">&quot;Roland Barthes (1915-80) was an 'incomparable enlivener of the literary mind' whose lifelong fascination was with 'the way people make their world intelligible'. He has a multifaceted claim to fame: to some he is the structuralist who outlined a 'science of literature', and the most prominent promoter of semiology; to others he stands not for science but pleasure, espousing literature which gives the reader a creative role.&quot; &quot;He called for 'the death of the author', urging that we study not writers but texts, yet he himself published idiosyncratic books rightly celebrated as imaginative products of a personal vision.&quot; &quot;Jonathan Culler elucidates the varied theoretical contributions of this 'public experimenter' and describes the many projects which Barthes explored.&quot;--Jacket.</subfield>
  </datafield>
  <datafield tag="600" ind1="1" ind2="0">
   <subfield code="a">Barthes, Roland.</subfield>
  </datafield>
  <datafield tag="650" ind1=" " ind2="0">
   <subfield code="a">Linguists</subfield>
   <subfield code="z">France</subfield>
   <subfield code="v">Biography.</subfield>
  </datafield>
  <datafield tag="905" ind1=" " ind2=" ">
   <subfield code="a">FO</subfield>
  </datafield>
  <datafield tag="852" ind1="0" ind2=" ">
   <subfield code="a">UPBAG</subfield>
   <subfield code="b">UPBAG-MAIN</subfield>
   <subfield code="h">P 85 B33 C85 2002</subfield>
  </datafield>
  <datafield tag="942" ind1=" " ind2=" ">
   <subfield code="a">Book</subfield>
  </datafield>
 </record>
</collection>
